Party Origami : Table Napkins / (Record no. 11801)
[ view plain ]
| 000 -LEADER | |
|---|---|
| fixed length control field | 00475nam a22001937a 4500 |
| 003 - CONTROL NUMBER IDENTIFIER | |
| control field | PILC |
| 005 - DATE AND TIME OF LATEST TRANSACTION | |
| control field | 20151027134842.0 |
| 008 - FIXED-LENGTH DATA ELEMENTS--GENERAL INFORMATION | |
| fixed length control field | 130920t xxu||||| |||| 00| 0 eng d |
| 050 ## - LIBRARY OF CONGRESS CALL NUMBER | |
| Classification number | TT 870 |
| Item number | .P275t |
| 082 ## - DEWEY DECIMAL CLASSIFICATION NUMBER | |
| Classification number | GS 745.54 |
| Item number | P259 19 |
| 245 ## - TITLE STATEMENT | |
| Title | Party Origami : Table Napkins / |
| 260 ## - PUBLICATION, DISTRIBUTION, ETC. (IMPRINT) | |
| Place of publication, distribution, etc | Tokyo : |
| Name of publisher, distributor, etc | FK froebel-kan Co., Ltd., |
| 300 ## - PHYSICAL DESCRIPTION | |
| Dimensions | 20 cm. |
| 440 ## - SERIES STATEMENT/ADDED ENTRY--TITLE | |
| Title | Party origami |
| 9 (RLIN) | 21123 |
| 650 ## - SUBJECT ADDED ENTRY--TOPICAL TERM | |
| Topical term or geographic name as entry element | Origami |
| 9 (RLIN) | 1398 |
| 942 ## - ADDED ENTRY ELEMENTS (KOHA) | |
| Source of classification or shelving scheme | Library of Congress Classification |
| Koha item type | Books |
| Withdrawn status | Lost status | Source of classification or shelving scheme | Damaged status | Home library | Current library | Shelving location | Date acquired | Total Checkouts | Full call number | Barcode | Date last seen | Copy number | Price effective from | Koha item type |
|---|---|---|---|---|---|---|---|---|---|---|---|---|---|---|
| Library of Congress Classification | Luxembourg Library | Luxembourg Library | Grade School Section | 09/20/2013 | TT 870 .P275t | 2946 | 05/27/2015 | 1 | 09/20/2013 | Books | ||||
| Library of Congress Classification | Luxembourg Library | Luxembourg Library | Grade School Section | 09/20/2013 | TT 870 .P275t | 5173 | 09/20/2013 | 2 | 09/20/2013 | Books |